Zvyškové napätia vo zvarových spojoch konštrukčných ocelí : Diplomová práca

Salvato in:
Dettagli Bibliografici
Autore principale: Dostál, Marek (Autore)
Altri autori: Mráz, Ľuboš (xxx)
Natura: Manoscritto Libro
Lingua:slovacco
Pubblicazione: Trnava : STU v Bratislave MtF KZv, 2004
Soggetti:
Tags: Aggiungi Tag
Nessun Tag, puoi essere il primo ad aggiungerne!!

MARC

LEADER 00000ntm a22000003a 4500
001 stu89009
005 20160719154655.9
008 040716s2004----xo------------------slo-d
040 |a STU  |b slo 
041 0 |a slo 
044 |a xo 
100 1 |a Dostál, Marek  |4 aut 
245 1 |a Zvyškové napätia vo zvarových spojoch konštrukčných ocelí :  |b Diplomová práca 
260 |a Trnava :  |b STU v Bratislave MtF KZv,  |c 2004 
300 |a 89 s  |c CD 
650 7 |a technológie strojárskej výroby  |2 stusub 
650 7 |a zváranie  |2 stusub 
700 1 |a Mráz, Ľuboš  |4 xxx 
996 |b 284M059850  |c M*DP-5112  |l MMSKP  |s P  |a 0  |w stu89009_0001